000 00480nam a22001577a 4500
003 Macl
005 20241019130005.0
008 241019b |||||||| |||| 00| 0 eng d
040 _cMacl
082 _a510
100 _aDhaka,Baljit
245 _aPINNACLE 90 days self- preparation module SSC मैथ्स 6800+TCS-MCQ हिन्दी माध्यम 6th edition
260 _bPINNECLE publications
_c2024
650 _aमैथ्स
_931627
942 _2ddc
_cC. BOOKS
999 _c67113
_d67113